Hướng dẫn tự học CAD 2000 toàn tập; T2

Đã lưu trong:
书目详细资料
主要作者: Trung Nguyên
格式: 图书
语言:Undetermined
出版: H. Thống Kê 2001
主题:
标签: 添加标签
没有标签, 成为第一个标记此记录!
Thư viện lưu trữ: Trung tâm Học liệu Trường Đại học Cần Thơ
LEADER 00585nam a2200193Ia 4500
001 CTU_53000
008 210402s9999 xx 000 0 und d
020 |b 69000 
082 |a 620.00420285 
082 |b Tr513/T2 
100 |a Trung Nguyên 
245 0 |a Hướng dẫn tự học CAD 2000 toàn tập; T2 
245 0 |c Trung Nguyên và Giang Đô 
260 |a H. 
260 |b Thống Kê 
260 |c 2001 
650 |a autocad ( computer programs ),computer graphics 
650 |x computer programs 
980 |a Trung tâm Học liệu Trường Đại học Cần Thơ